Statistics for Former Names of London OVERGROUND Stations

Click here to take the quiz!

General Stats

  • This quiz has been taken 11 times
  • The average score is 6 of 16

Answer Stats

Former NameYearsCURRENT NAME% Correct
Kentish Town1860-1867Gospel Oak
50%
Pinner1842-1897Hatch End
50%
Deptford Road1869-1911Surrey Quays
50%
Hoe Street1870-1968Walthamstow Central
50%
Newington Road & Balls Pond1858-1870Canonbury
40%
Dartmouth Arms1839-1845Forest Hill
40%
Addison Road1862-1946Kensington (Olympia)
40%
Sudbury1842-1882Wembley Central
40%
Edgeware Road (Kilburn)1860-1865Brondesbury
30%
Brentford Road1869-1871Gunnersbury
30%
Hale End1873-1904Highams Park
30%
Jolly Sailor1839-1846Norwood Junction
30%
Forty Hill1891-1919Turkey Street
30%
Churchbury1891-1919Southbury
20%
Loudon Road1879-1922South Hampstead
20%
West End Lane1888-1975West Hampstead
20%

Score Distribution

Percentile by Number Answered

Percent of People with Each Score

Your Score History

You have not taken this quiz